AH Scrabble Words 8 and Under - Statistics

General Stats
  • This quiz has been taken 35 times
  • The average score is 5 of 12
Answer Stats
Answer % Correct
Ah
100%
Ahi
79%
Aha
74%
Ahead
63%
Ahoy
47%
Ahem
42%
Ahold
21%
Ahchoo
16%
Ahimsa
11%
Ahull
11%
Ahadith
0%
Ahorse
0%
No matching quizzes found
Score Distribution
Percent of People with Each Score
Percentile by Number Answered
Your Score History
You have not taken this quiz